| 000 | 00421cam a2200157ua 4500 | ||
|---|---|---|---|
| 041 |
_aeng _h |
||
| 082 |
_a636 _bSRI/TE |
||
| 100 | _aSrivastava, J S . | ||
| 245 |
_aText book of animal husbandry / _cJ S Srivastava. _hTextual Documents |
||
| 260 |
_aNew Delhi : _bIndian Council for Agricultural Research , _c1960. |
||
| 300 | _a198 ; . | ||
| 504 | _a | ||
| 700 | 1 | _aKhera, R C . | |
| 942 | _cBK | ||
| 999 |
_c3506 _d3506 |
||